Evidence, financování a analýza základních prostředků

Salvato in:
Dettagli Bibliografici
Autore principale: Suchan, Miroslav
Altri autori: Novotný, Karel, Janoušek, Miloslav
Natura: Libro
Lingua:ceco
Pubblicazione: Praha Státní nakladatelství technické literatury 1978
Tags: Aggiungi Tag
Nessun Tag, puoi essere il primo ad aggiungerne!!

MARC

LEADER 00000nam a2200000 4500
001 c119859
005 20041019155215.3
041 0 |a cze 
044 |a CZ 
245 1 0 |a Evidence, financování a analýza základních prostředků  |c Miroslav Suchan, Karel Novotný, Miloslav Janoušek 
264 1 |a Praha  |b Státní nakladatelství technické literatury  |c 1978 
300 |a 188 s. 
100 1 |a Suchan, Miroslav 
700 1 |a Novotný, Karel 
700 1 |a Janoušek, Miloslav